| 000 | 01195cam a22002771i 4500 | ||
|---|---|---|---|
| 003 | Ost | ||
| 005 | 20241120144617.0 | ||
| 008 | 241005s2003 su g 000 0dara c | ||
| 040 |
_aSA-RiAUC _bara _cSA-RiAUC _erda |
||
| 082 | 0 | 4 |
_a213 _qSA-RiAUC |
| 090 |
_a213 _b ذ هـ ب |
||
| 100 | 1 |
_aالذهبي، محمد بن أحمد بن عثمان، _d673-748 هجري _eمؤلف. |
|
| 245 | 1 | 0 |
_aوصية الإمام الذهبي لمحمد بن رافع السلامي / _cشمس الدين محمد بن أحمد بن عثمان. |
| 250 | _aالطبعة الأولى. | ||
| 264 | 1 |
_aالرياض : _bمكتبة المعارف، _c2003 |
|
| 264 | 2 |
_aمصر : _bدار السلام للطباعة والنشر والتوزيع والترجمة |
|
| 300 |
_a29 صفحة ؛ _c20 × 14 سم |
||
| 336 |
_aنص _btxt _2rdacontent _3كتاب |
||
| 337 |
_aبدون وسيط _bn _2rdamedia |
||
| 338 |
_aمجلد _bnc _2rdacarrier |
||
| 500 | _aغلاف أبيض. | ||
| 600 | 1 | 7 |
_aابن رافع السلامي، محمد بن رافع بن هجرس، _d704-774 هجري _2aucnm |
| 650 | 7 |
_aالوعظ والإرشاد _2aucsh |
|
| 942 |
_2ddc _cBOOK _n0 |
||
| 949 |
_aSA-JeALM _d241005 _umohamedma123 _n1 |
||
| 999 |
_c2609 _d2609 |
||